|
|
|
|
| LEADER |
00000nam a2200000 4500 |
| 001 |
vtls009478886 |
| 003 |
SK-MaSNL |
| 005 |
20260301082054.0 |
| 008 |
180810s1651 gw a f 010 0 lat |
| 015 |
|
|
|a SNBHFA
|
| 040 |
|
|
|a SNKHF
|b slo
|c SNKHF
|e rda
|
| 041 |
0 |
|
|a lat
|
| 044 |
|
|
|a gw
|c DE
|
| 072 |
|
7 |
|a 2-1
|x Prirodzená teológia. Náboženská filozofia
|2 konspekt
|
| 080 |
|
|
|a 2-1
|2 2011
|
| 080 |
|
|
|a 2-285.4
|2 2011
|
| 080 |
|
|
|a 27-732.2
|2 2011
|
| 080 |
|
|
|a (043.3)
|2 2011
|
| 100 |
1 |
|
|a Meisner, Johann,
|d 1615-1681
|4 aut
|9 351258
|
| 245 |
1 |
0 |
|a In Nomine Jesu! Disputationum Antipapisticarum Secunda, De Natura Et Constitutione Papismi, Quam In Illustri Academia Wittebergensi Praeside Viro Perquàm Reverendo, Amplißimo, Excellentißimoque; Dn. Johanne Meisnero, SS. Theologiae D. longè celeberrimo ejusdemque; Professore Publico Ordinario, Alumnorum item Electoralium Ephoro gravissimo, Dn. Praeceptore ac Promotore suo aeternum devenerando, Publicae sententiarum collationi subjicit M. Zacharias Kalinkius Rosn-bergâ Hungarus. In Auditorio Minori, ad D. 27. Julij horis â secundâ pomeridianis
|
| 264 |
|
3 |
|a Wittebergae
|b Excudebat Michael Wendt
|c Anno cIɔ Iɔ CLI (1651)
|
| 300 |
|
|
|a 4 nečíslované strany, 9-16 strán
|c 19 cm
|
| 336 |
|
|
|a text
|b txt
|2 rdacontent
|
| 337 |
|
|
|a bez média
|b n
|2 rdamedia
|
| 338 |
|
|
|a zväzok
|b nc
|2 rdacarrier
|
| 500 |
|
|
|a Linka, verzála, kustody
|
| 501 |
|
|
|a Príväzok 6. k: HORVÁT, Ondrej. Andreae Horvat Gymnasij Trenschiensis Rectoris Responsvm ... Trenchinii, Permissu Superiorum Typis Laurentij Beniamin ab Hage, 1652.
|5 SNK SD 40129/1-22
|
| 508 |
|
|
|a Dedikácia: Kalinka, Joachim; Kalinka Zachariáš
|
| 546 |
|
|
|a Latinský text
|b Antikva
|b Kurzíva
|
| 650 |
0 |
7 |
|a teológia
|2 SNKPH
|9 1814
|
| 650 |
0 |
7 |
|a náboženské polemiky
|2 SNKPH
|9 88056
|
| 650 |
0 |
7 |
|a pápežstvo
|2 SNKPH
|9 23072
|
| 655 |
|
7 |
|a dizertácie
|2 SNKPH
|9 70277
|
| 700 |
1 |
|
|a Kalinka, Zachariáš
|4 aut
|4 dto
|9 406384
|
| 700 |
1 |
|
|a Wendt, Michael
|4 prt
|9 406385
|
| 700 |
1 |
|
|a Kalinka, Joachim
|4 hnr
|9 288505
|
| 752 |
|
|
|a Nemecko
|d Witenberg
|
| 852 |
|
|
|a snk
|p SD 40129/1-22/prív.6
|
| 958 |
|
|
|a ONDV
|
| 958 |
|
|
|a DC
|
| 999 |
|
|
|c 657607
|d 659537
|
| 952 |
|
|
|a SNK
|b SNK
|y PREZ
|7 0
|p 17A1485543
|o snkSD 40129/1-22/prív.6
|i snkD 827/72
|8 1
|0 0
|1 0
|4 0
|d 2009-03-02
|f 1
|l 0
|r 2026-02-23 18:42:57
|w 2026-02-23
|